Near which modern town or city are these Seven Wonders of the Ancient World located? - Statistics

General Stats
  • This quiz has been taken 170 times
  • The average score is 4 of 7
Answer Stats
Hint Answer % Correct
Great Pyramid of Giza Cairo
96%
Lighthouse of Alexandria Alexandria
91%
Hanging Gardens of Babylon Baghdad
78%
Colossus of Rhodes Rhodes
67%
Statue of Zeus at Olympia Olympia
51%
Temple of Artemis at Ephesus Izmir
33%
Mausoleum at Halicarnassus Bodrum
12%
No matching quizzes found
Score Distribution
Percent of People with Each Score
Percentile by Number Answered
Your Score History
You have not taken this quiz